A guide to the improvement of the curriculum. (Record no. 21674)
[ view plain ]
| 000 -LEADER | |
|---|---|
| fixed length control field | 01413cam a22003371 4500 |
| 001 - CONTROL NUMBER | |
| control field | e 39000343 |
| 003 - CONTROL NUMBER IDENTIFIER | |
| control field | DLC |
| 005 - DATE AND TIME OF LATEST TRANSACTION | |
| control field | 20260227111228.0 |
| 008 - FIXED-LENGTH DATA ELEMENTS--GENERAL INFORMATION | |
| fixed length control field | 861020s1938 alu s000 0 eng |
| 010 ## - LIBRARY OF CONGRESS CONTROL NUMBER | |
| LC control number | e 39000343 |
| 035 ## - SYSTEM CONTROL NUMBER | |
| System control number | (OCoLC)14443035 |
| 040 ## - CATALOGING SOURCE | |
| Original cataloging agency | DLC |
| Transcribing agency | ATrT |
| Modifying agency | DLC |
| 042 ## - AUTHENTICATION CODE | |
| Authentication code | premarc |
| 050 00 - LIBRARY OF CONGRESS CALL NUMBER | |
| Classification number | L116 |
| Item number | .B2 1938, no. 8 |
| 110 1# - MAIN ENTRY--CORPORATE NAME | |
| Corporate name or jurisdiction name as entry element | Alabama. |
| Subordinate unit | Department of Education. |
| 245 12 - TITLE STATEMENT | |
| Title | A guide to the improvement of the curriculum. |
| Statement of responsibility, etc. | Division of instruction. Authorized by the State board of education, 1938. |
| 260 ## - PUBLICATION, DISTRIBUTION, ETC. | |
| Place of publication, distribution, etc. | [Montgomery, |
| Date of publication, distribution, etc. | 1938] |
| 300 ## - PHYSICAL DESCRIPTION | |
| Extent | viii, 264 p. |
| Dimensions | 24 cm. |
| 490 1# - SERIES STATEMENT | |
| Series statement | Bulletin, |
| Volume/sequential designation | 1938, no. 8 |
| 490 1# - SERIES STATEMENT | |
| Series statement | Curriculum bulletin, |
| Volume/sequential designation | no. 5 |
| 500 ## - GENERAL NOTE | |
| General note | At head of title: State of Alabama. Department of education, Montgomery. |
| 500 ## - GENERAL NOTE | |
| General note | "Alabama curriculum development program."--p. 1. |
| 500 ## - GENERAL NOTE | |
| General note | "Prepared for the most part by a committee of teachers working in the Curriculum laboratory at George Peabody college."--p. v. |
| 504 ## - BIBLIOGRAPHY, ETC. NOTE | |
| Bibliography, etc. note | Includes bibliographies. |
| 504 ## - BIBLIOGRAPHY, ETC. NOTE | |
| Bibliography, etc. note | "General bibliography for improvement of the curriculum": p. 250-264. |
| 650 #0 - SUBJECT ADDED ENTRY--TOPICAL TERM | |
| Topical term or geographic name entry element | Education |
| General subdivision | Curricula |
| Geographic subdivision | Alabama. |
| 710 1# - ADDED ENTRY--CORPORATE NAME | |
| Corporate name or jurisdiction name as entry element | Alabama. |
| Subordinate unit | State Board of Education. |
| 740 0# - ADDED ENTRY--UNCONTROLLED RELATED/ANALYTICAL TITLE | |
| Uncontrolled related/analytical title | Alabama curriculum development program. |
| 830 #0 - SERIES ADDED ENTRY--UNIFORM TITLE | |
| Uniform title | Bulletin (Alabama. Department of Education) ; |
| Volume/sequential designation | 1938, no. 8. |
| 830 #0 - SERIES ADDED ENTRY--UNIFORM TITLE | |
| Uniform title | Curriculum bulletin (Alabama. Department of Education) ; |
| Volume/sequential designation | no. 5. |
No items available.